[Event "Belgrade Premier League"]
[Site "masterchessopen.com Belgrade (Serbia)"]
[Date "2010.10.02"]
[Round "2"]
[White "Vrbljanac Aleksandar (SRB)"]
[Black "Kosanovic Dragan (SRB)"]
[Result "1-0"]
[WhiteElo "2264"]
[BlackElo "2324"]

1.e4 c5 2.Nf3 Nc6 3.d4 cxd4 4.Nxd4 e5 5.Nb5 d6 6.N1c3 a6 7.Na3 b5 8.Nd5 Nf6
9.Bg5 Be7 10.Bxf6 Bxf6 11.c3 Rb8 12.Nc2 a5 13.Nxf6+ Qxf6 14.Qd5 Na7 15.a4 O-O
16.axb5 Bb7 17.Qd3 Qg6 18.f3 Nxb5 19.Ne3 Nc7 20.Nf5 Kh8 21.Qxd6 Ne6 {#r} 1-0

[Event "Tournament (open)"]
[Site "masterchessopen.com Nichelino (Italy)"]
[Date "2010.10.02"]
[Round "3"]
[White "Gambarino Federico (ITA)"]
[Black "D'ingiullo Roberto (ITA)"]
[Result "0-1"]
[WhiteElo "1868"]
[BlackElo "2114"]

1.e4 c5 2.Nf3 Nc6 3.d4 cxd4 4.Nxd4 e5 5.Nb5 d6 6.N1c3 a6 7.Na3 b5 8.Nd5 Nge7
9.c4 Nxd5 10.exd5 Nd4 11.cxb5 Be7 12.Be3 O-O 13.Bxd4 exd4 14.Be2 Bf6 15.O-O d3
16.Qxd3 axb5 17.Nxb5 Bxb2 18.Rab1 Be5 19.Qb3 Bf5 20.Rbd1 Qb6 21.Nd4 Bxd4 {#R}
0-1

[Event "Czech League 2010/11 (krajsky prebor)"]
[Site "masterchessopen.com Czech Republic"]
[Date "2010.10.10"]
[Round "1"]
[White "Belobrad Ivan (CZE)"]
[Black "Pascenko Jaromir"]
[Result "1-0"]
[WhiteElo "2011"]
[BlackElo "2137"]

1.e4 c5 2.Nf3 Nc6 3.d4 cxd4 4.Nxd4 e5 5.Nb5 d6 6.N1c3 a6 7.Na3 b5 8.Nd5 Nge7
9.c4 bxc4 10.Bxc4 Be6 11.Qa4 Bd7 12.Qb3 Nxd5 13.Bxd5 Nd4 14.Bxf7+ {#r} 1-0

[Event "Ch Provincial (preferente)"]
[Site "masterchessopen.com Gandia (Spain)"]
[Date "2010.10.16"]
[Round "2"]
[White "Bas Mas Miguel (ESP)"]
[Black "Benavent Benavent Jose (ESP)"]
[Result "1-0"]
[WhiteElo "1843"]
[BlackElo "1583"]

1.e4 c5 2.Nf3 Nc6 3.d4 cxd4 4.Nxd4 e5 5.Nb5 d6 6.Be2 a6 7.N5c3 Nf6 8.Bg5 Be7
9.Bxf6 Bxf6 10.O-O O-O 11.Nd5 Rb8 12.c3 Bg5 13.Bg4 Bxg4 14.Qxg4 h6 15.g3 Ne7
16.h4 Nxd5 17.hxg5 Ne7 18.gxh6 g6 19.Qh4 Kh7 20.Qf6 Kxh6 21.Kg2 {#r} 1-0

[Event "Tournament (Elo)"]
[Site "masterchessopen.com Maceio (Brazil)"]
[Date "2010.10.30"]
[Round "8"]
[White "De Magalhaes Jonathas Jose"]
[Black "Dos Santos Fabio Alexandre (BRA)"]
[Result "1-0"]
[WhiteElo "2036"]
[BlackElo "1851"]

1.e4 c5 2.Nf3 Nc6 3.d4 cxd4 4.Nxd4 e5 5.Nb5 d6 6.N1c3 a6 7.Na3 Nf6 8.Bg5 b5
9.Bxf6 gxf6 10.Nd5 f5 11.Bxb5 Qa5+ 12.b4 Qxa3 13.Bxc6+ Kd8 14.Bxa8 Qa4 15.Qh5
Be6 16.Qg5+ Ke8 17.O-O h6 18.Qe3 fxe4 19.Qb6 Be7 20.Bc6+ {#r} 1-0

[Event "Ch Moscow (team) students)"]
[Site "masterchessopen.com Moscow (Russia)"]
[Date "2010.11.19"]
[Round "5"]
[White "Kirillov Dmitry (RUS)"]
[Black "Konovalov Nikolay (RUS)"]
[Result "0-1"]
[WhiteElo "1913"]
[BlackElo "2433"]

1.e4 c5 2.Nf3 Nc6 3.d4 cxd4 4.Nxd4 e5 5.Nb5 d6 6.N1c3 a6 7.Na3 b5 8.Nd5 Nce7
9.c3 Nxd5 10.Qxd5 Be6 11.Qd1 Nf6 12.Bg5 d5 13.Bxf6 Qxf6 14.Bd3 Rd8 15.Qe2 dxe4
16.Bxe4 Bxa3 17.Bc6+ Ke7 18.bxa3 Bc4 19.Qf3 Qh6 20.Rd1 Rxd1+ 21.Kxd1 Rd8+
22.Kc2 Qd2+ {#R} 0-1

[Event "Tournament (open)"]
[Site "masterchessopen.com Recco (Italy)"]
[Date "2010.11.27"]
[Round "2"]
[White "Bellia Fabrizio (ITA)"]
[Black "Pesce Gabriele (ITA)"]
[Result "1-0"]
[WhiteElo "2399"]
[BlackElo "2174"]

1.e4 c5 2.Nf3 Nc6 3.d4 cxd4 4.Nxd4 e5 5.Nb5 d6 6.N1c3 a6 7.Na3 Be6 8.Nc4 b5
9.Ne3 Nf6 10.Bd3 g6 11.a4 b4 12.Ncd5 Bg7 13.Bd2 Bxd5 14.exd5 Ne7 15.Bxb4 Nexd5
16.Nxd5 Nxd5 17.Bb5+ axb5 18.Qxd5 bxa4 19.Qc6+ Ke7 20.Rd1 Qc8 21.Qxd6+ Ke8
22.Qe7# 1-0

[Event "It (open) \"]
[Site "masterchessopen.com Barcelona (Spain)"]
[Date "2011.01.07"]
[Round "1"]
[White "Alquezar Calpena Marc (ESP)"]
[Black "Exposito Amaro Josue (ESP)"]
[Result "0-1"]
[WhiteElo "1743"]
[BlackElo "2262"]

1.e4 c5 2.Nf3 Nc6 3.d4 cxd4 4.Nxd4 e5 5.Nb5 d6 6.N1c3 a6 7.Na3 b5 8.Nd5 Nce7
9.Be3 Nxd5 10.Qxd5 Be6 11.Qd2 Nf6 12.f3 Be7 13.Be2 d5 14.exd5 Nxd5 15.Bf2 O-O
16.O-O Bg5 17.Qd3 Nf4 18.Qe4 Bd5 {#R} 0-1

[Event "Ch Paranaense"]
[Site "masterchessopen.com Campo Mourao (Brazil)"]
[Date "2011.01.30"]
[Round "9"]
[White "Leao Cintia Rocha (BRA)"]
[Black "Cella Glaucio Dalla Cort"]
[Result "1-0"]
[WhiteElo "1927"]
[BlackElo "2040"]

1.e4 c5 2.Nf3 Nc6 3.d4 cxd4 4.Nxd4 e5 5.Nb5 d6 6.N1c3 a6 7.Na3 b5 8.Nd5 Nge7
9.c4 b4 10.Nc2 a5 11.Be2 Nxd5 12.Qxd5 Qc7 13.O-O Be7 14.Be3 O-O 15.b3 Nd4
16.Nxd4 Bb7 17.Nb5 {#r} 1-0

[Event "Ch Czech Republic (juniors) (under 20)"]
[Site "masterchessopen.com Kouty nad Desnou (Czech Republic)"]
[Date "2011.03.12"]
[Round "2"]
[White "Vlasak Lukas (CZE)"]
[Black "Nguyen Dinh Phong"]
[Result "1-0"]
[WhiteElo "2246"]
[BlackElo "2204"]

1.e4 c5 2.Nf3 Nc6 3.d4 cxd4 4.Nxd4 e5 5.Nb5 d6 6.a4 Be7 7.N1c3 a6 8.Na3 f5
9.Bc4 Nf6 10.exf5 Nd4 11.O-O d5 12.Nxd5 Nxd5 13.c3 b5 14.Bxd5 Qxd5 15.cxd4
exd4 16.Re1 Bb7 17.Qg4 Kf8 18.Rxe7 Kxe7 19.Qxg7+ Kd6 20.Bf4+ Kc5 21.Qc7+ Kb4
22.Bd2+ {#r} 1-0

[Event "Ch Wales"]
[Site "masterchessopen.com Cardiff (Wales)"]
[Date "2011.04.23"]
[Round "3"]
[White "White E Michael (ENG)"]
[Black "Morris Gareth (WLS)"]
[Result "0-1"]
[WhiteElo "1919"]
[BlackElo "2105"]

1.e4 c5 2.Nf3 Nc6 3.d4 cxd4 4.Nxd4 e5 5.Nb5 d6 6.N1c3 a6 7.Na3 b5 8.Nd5 Nce7
9.Be3 Nxd5 10.Qxd5 Be6 11.Qd2 Nf6 12.f3 d5 13.Bd3 dxe4 14.fxe4 Nxe4 15.Qe2
Bb4+ 16.Kf1 Nd6 17.c3 Bxa3 18.bxa3 e4 19.Bc2 Bc4 {#R} 0-1

[Event "Ch Ukraine (club)"]
[Site "masterchessopen.com Alushta (Ukraine)"]
[Date "2011.05.13"]
[Round "1"]
[White "Fish Alexandr (UKR)"]
[Black "Biriukov Nikolai (UKR)"]
[Result "0-1"]
[WhiteElo "1966"]
[BlackElo "2418"]

1.e4 c5 2.Nf3 Nc6 3.d4 cxd4 4.Nxd4 e5 5.Nb5 d6 6.N1c3 a6 7.Na3 Be7 8.Nc4 b5
9.Ne3 Nf6 10.Ned5 O-O 11.Bd3 Nd7 12.Be3 Bg5 13.Qd2 Bxe3 14.Nxe3 Nc5 15.Ncd5
Qh4 16.Nb6 Rb8 17.Nxc8 Rfxc8 18.Nf5 Qf6 19.c3 d5 20.Ng3 d4 21.cxd4 Nxd3+
22.Qxd3 Nb4 {#R} 0-1

[Event "It (open)"]
[Site "masterchessopen.com Utrecht (Netherlands)"]
[Date "2011.06.03"]
[Round "1"]
[White "Veldhuysen Klaas (NED)"]
[Black "Lalic Bogdan (ENG)"]
[Result "0-1"]
[WhiteElo "2015"]
[BlackElo "2456"]

1.e4 c5 2.Nf3 Nc6 3.d4 cxd4 4.Nxd4 e5 5.Nb5 d6 6.N1c3 a6 7.Na3 b5 8.Nd5 Nce7
9.c4 Nxd5 10.Qxd5 Be6 11.Qd3 bxc4 12.Nxc4 Nf6 13.Bg5 d5 14.Bxf6 gxf6 15.O-O-O
dxc4 {#R} 0-1

[Event "It (open)"]
[Site "masterchessopen.com Iraklio (Greece)"]
[Date "2011.06.13"]
[Round "3"]
[White "Petrakis Ilias (GRE)"]
[Black "Hrisanthopoulos Dimitrios (GRE)"]
[Result "1-0"]
[WhiteElo "2221"]
[BlackElo "2067"]

1.e4 c5 2.Nf3 Nc6 3.d4 cxd4 4.Nxd4 e5 5.Nb5 d6 6.a4 Be6 7.N1c3 a6 8.Na3 Nge7
9.Bc4 Nd4 10.O-O Rc8 11.Nd5 Bxd5 12.exd5 Ng6 13.Bd3 Qd7 14.Nc4 Rxc4 15.Bxc4
Nh4 16.f4 {#r} 1-0

[Event "Ch Chess Club"]
[Site "masterchessopen.com Omsk (Russia)"]
[Date "2011.06.30"]
[Round "8"]
[White "Chagasov Oleg (RUS)"]
[Black "Bogachkova Alena (RUS)"]
[Result "0-1"]
[WhiteElo "1918"]
[BlackElo "2009"]

1.e4 c5 2.Nf3 Nc6 3.d4 cxd4 4.Nxd4 e5 5.Nb5 d6 6.N1c3 a6 7.Na3 b5 8.Nd5 Nce7
9.c4 Nxd5 10.cxd5 f5 11.Bd3 fxe4 12.Bxe4 Nf6 13.Qe2 Nxe4 14.Qxe4 Be7 15.O-O
O-O 16.f4 Bf5 17.Qe2 Rc8 18.Bd2 exf4 19.Bxf4 Bg5 20.Rae1 Bxf4 {#R} 0-1

[Event "It (open) \"]
[Site "masterchessopen.com Senta (Serbia)"]
[Date "2011.07.22"]
[Round "8"]
[White "Zarkovic Mila (SRB)"]
[Black "Molnar Gabor (ROM)"]
[Result "1-0"]
[WhiteElo "2025"]
[BlackElo "2017"]

1.e4 c5 2.Nf3 Nc6 3.d4 cxd4 4.Nxd4 e5 5.Nb5 d6 6.N1c3 Nf6 7.Bg5 a6 8.Na3 b5
9.Nd5 Qa5+ 10.c3 Nxe4 11.b4 Qxa3 12.Bc1 Qa4 13.Qd3 Nxb4 14.cxb4 Nf6 15.Nc7+
Kd8 16.Nxa8 Qxb4+ 17.Bd2 Qc5 18.Rc1 Qd5 19.Ba5+ Ke7 20.Qxd5 {#r} 1-0

[Event "It (open) (b)"]
[Site "masterchessopen.com Krakow (Poland)"]
[Date "2011.08.07"]
[Round "2"]
[White "Sygulski Pawel (POL)"]
[Black "Marczuk Dominik (POL)"]
[Result "1-0"]
[WhiteElo "2221"]
[BlackElo "1938"]

1.e4 c5 2.Nf3 Nc6 3.d4 cxd4 4.Nxd4 e5 5.Nb5 d6 6.N1c3 a6 7.Na3 b5 8.Nd5 Nce7
9.c4 Nxd5 10.cxd5 f5 11.exf5 Bxf5 12.Bd3 Bxd3 13.Qxd3 Be7 14.O-O Nf6 15.Nc2
O-O 16.Nb4 Rc8 17.Nc6 Qd7 18.a4 Rxc6 19.dxc6 Qxc6 20.axb5 axb5 21.Bg5 {#r} 1-0

[Event "Ch Vienna State (b)"]
[Site "masterchessopen.com Vienna (Austria)"]
[Date "2011.09.16"]
[Round "7"]
[White "Kersten Julian"]
[Black "Somasundram Jayakumar (SRI)"]
[Result "1-0"]
[WhiteElo "1920"]
[BlackElo "1959"]

1.e4 c5 2.Nf3 Nc6 3.d4 cxd4 4.Nxd4 e5 5.Nb5 d6 6.N1c3 a6 7.Na3 Be6 8.Nd5 Nf6
9.Bg5 Bxd5 10.Qxd5 Qb6 11.Bxf6 Qxb2 12.Bc4 gxf6 13.Rb1 Qxa3 14.O-O Nd8 15.Rxb7
Nxb7 16.Qxb7 Rd8 17.Bxf7# 1-0

[Event "Ch Provincial (preferente)"]
[Site "masterchessopen.com Burjassot (Spain)"]
[Date "2011.10.01"]
[Round "1"]
[White "Nieto Tornero Jose"]
[Black "Vila Todosantos Jose Miguel"]
[Result "1-0"]
[WhiteElo "2024"]
[BlackElo "1848"]

1.e4 c5 2.Nf3 Nc6 3.d4 cxd4 4.Nxd4 e5 5.Nb5 d6 6.N1c3 a6 7.Na3 h6 8.Be3 Nf6
9.Nc4 b5 10.Nb6 Rb8 11.Nxc8 Qxc8 12.a4 b4 13.Nd5 Nxe4 14.Bxa6 {#r} 1-0

[Event "Tournament (open)"]
[Site "masterchessopen.com Rio de Janeiro (Brazil)"]
[Date "2011.10.12"]
[Round "2"]
[White "Baeta Marcio Netto (BRA)"]
[Black "Diaz Marcos"]
[Result "1-0"]
[WhiteElo "2159"]
[BlackElo "1743"]

1.e4 c5 2.d4 cxd4 3.Nf3 Nc6 4.Nxd4 e5 5.Nb5 d6 6.Bc4 Nf6 7.Bg5 Bg4 8.Bxf6 gxf6
9.Qxg4 a6 10.Qh5 Qd7 11.Bxf7+ Qxf7 12.Nc7+ {#r} 1-0

[Event "Tournament (Elo) \"]
[Site "masterchessopen.com Assiut (Egypt)"]
[Date "2011.10.14"]
[Round "3"]
[White "Nagdy Wael"]
[Black "Kamel Salama (EGY)"]
[Result "0-1"]
[WhiteElo "1923"]
[BlackElo "2037"]

1.e4 c5 2.Nf3 Nc6 3.d4 cxd4 4.Nxd4 e5 5.Nb5 d6 6.N1c3 a6 7.Na3 Nf6 8.Bg5 Be6
9.Bxf6 Qxf6 10.Nd5 Bxd5 11.exd5 Nd4 12.c3 Nf5 13.Qa4+ Ke7 14.Qb4 b5 15.Qa5 Qg5
16.Nxb5 Kf6 17.Nc7 Rb8 18.Qa3 h6 19.Bd3 Nh4 20.Ke2 Qg4+ {#R} 0-1

[Event "Ch City"]
[Site "masterchessopen.com Sharkia (Egypt)"]
[Date "2011.10.25"]
[Round "4"]
[White "Sameir Mahmoud"]
[Black "Mousa Ahmed (EGY)"]
[Result "0-1"]
[WhiteElo "2045"]
[BlackElo "2267"]

1.e4 c5 2.Nf3 Nc6 3.d4 cxd4 4.Nxd4 e5 5.Nb5 d6 6.N1c3 a6 7.Na3 b5 8.Nd5 Nce7
9.c4 Nxd5 10.cxd5 f5 11.exf5 Bxf5 12.Qf3 Bd7 13.Bd3 Nf6 14.O-O Be7 15.Bg5 O-O
16.Bxf6 Rxf6 17.Qg3 Qb6 18.Qe3 Qb7 19.Be4 Raf8 {#R} 0-1

[Event "It (open)"]
[Site "masterchessopen.com Bogota (Colombia)"]
[Date "2011.12.07"]
[Round "3"]
[White "Nunez Gustavo Eduardo (COL)"]
[Black "Parodi Lucas (COL)"]
[Result "1-0"]
[WhiteElo "2228"]
[BlackElo "1719"]

1.e4 c5 2.Nf3 Nc6 3.d4 cxd4 4.Nxd4 e5 5.Nb5 d6 6.N1c3 a6 7.Na3 Be6 8.g3 b5
9.Nd5 h6 10.Bg2 Nf6 11.O-O Be7 12.c3 O-O 13.Nc2 Re8 14.a4 Bf8 15.axb5 axb5
16.Rxa8 Qxa8 17.Nc7 {#r} 1-0

[Event "Tournament (Elo) (1)"]
[Site "masterchessopen.com Sao Paulo (Brazil)"]
[Date "2012.01.12"]
[Round "5"]
[White "Sztokbant Bernardo (BRA)"]
[Black "Salama Henrique Eric"]
[Result "1-0"]
[WhiteElo "2016"]
[BlackElo "1834"]

1.e4 c5 2.Nf3 Nc6 3.d4 cxd4 4.Nxd4 e5 5.Nb5 d6 6.N1c3 a6 7.Na3 b5 8.Nd5 Nf6
9.Bg5 Be7 10.Bxf6 gxf6 11.c3 Be6 12.Nc2 f5 13.Bd3 fxe4 14.Bxe4 f5 15.Nxe7 Nxe7
16.Bxa8 Qxa8 17.Qxd6 Bd5 18.Qxe5 Rg8 19.O-O-O Kf8 20.Qf6+ Bf7 21.Rhe1 Qb7 {#r}
1-0

[Event "Cup Winter"]
[Site "masterchessopen.com Saratov (Russia)"]
[Date "2012.02.10"]
[Round "1"]
[White "Izbosarov Marat (RUS)"]
[Black "Petukhov Dmitry (RUS)"]
[Result "0-1"]
[WhiteElo "1970"]
[BlackElo "2332"]

1.e4 c5 2.Nf3 Nc6 3.d4 cxd4 4.Nxd4 e5 5.Nb5 d6 6.N1c3 Nf6 7.Bg5 a6 8.Na3 b5
9.Nd5 Be7 10.Bxf6 Bxf6 11.c4 b4 12.Nc2 O-O 13.Ncxb4 Nxb4 14.Nxb4 Bg5 15.Be2
Qb6 16.Nd3 Bb7 17.O-O Bxe4 18.c5 dxc5 19.Nxe5 Qxb2 20.Bc4 {#R} 0-1

[Event "Ch Nicaragua (Primera Division)"]
[Site "masterchessopen.com Nicaragua"]
[Date "2012.02.12"]
[Round "3"]
[White "Madrigal Mariano"]
[Black "Garcia Cerda Ricardo"]
[Result "1-0"]
[WhiteElo "2090"]
[BlackElo "1933"]

1.e4 c5 2.Nf3 Nc6 3.d4 cxd4 4.Nxd4 e5 5.Nb5 d6 6.N1c3 a6 7.Na3 b5 8.Nd5 Nf6
9.Bg5 Be7 10.Bxf6 Bxf6 11.c3 O-O 12.Nc2 Rb8 13.h4 Be7 14.Bd3 Be6 15.Nce3 Qd7
16.Nf5 Bd8 17.h5 Bxd5 18.Qg4 Qxf5 19.Qxf5 Be6 20.Qf3 b4 21.O-O a5 22.Qe2 {#r}
1-0

[Event "Tournament (Elo)"]
[Site "masterchessopen.com Barrinha (Brazil)"]
[Date "2012.02.26"]
[Round "6"]
[White "Brandao Evandro (BRA)"]
[Black "Supi Luis Paulo (BRA)"]
[Result "0-1"]
[WhiteElo "2022"]
[BlackElo "2218"]

1.e4 c5 2.Nf3 Nc6 3.d4 cxd4 4.Nxd4 e5 5.Nb5 d6 6.c4 Nf6 7.N1c3 a6 8.Na3 Be7
9.Be3 Ng4 10.Nc2 O-O 11.Nd5 Nxe3 12.Ncxe3 Bg5 13.Be2 Bxe3 14.Nxe3 Be6 15.O-O
Rc8 16.b3 Qh4 17.Bf3 Nd4 18.g3 Qe7 19.Bg2 b5 20.Nd5 Bxd5 21.cxd5 Rc2 22.Re1
Rfc8 {#R} 0-1

[Event "Ch City (final)"]
[Site "masterchessopen.com Omsk (Russia)"]
[Date "2012.03.17"]
[Round "2"]
[White "Nevorotov Boris (RUS)"]
[Black "Tregubov Nikolai (RUS)"]
[Result "0-1"]
[WhiteElo "1949"]
[BlackElo "2078"]

1.e4 c5 2.Nf3 Nc6 3.d4 cxd4 4.Nxd4 e5 5.Nb5 d6 6.a4 Be6 7.Be2 Be7 8.N1c3 Nf6
9.f3 O-O 10.O-O Nh5 {#R} 0-1

[Event "Memorial Pedro Lezcano Montalvo (open)"]
[Site "masterchessopen.com Las Palmas (Spain)"]
[Date "2012.04.02"]
[Round "1"]
[White "Robin Samy (FRA)"]
[Black "Sanchez Ramirez Gustavo (ESP)"]
[Result "1-0"]
[WhiteElo "2298"]
[BlackElo "1642"]

1.e4 c5 2.Nf3 Nc6 3.d4 cxd4 4.Nxd4 e5 5.Nb5 d6 6.c4 a6 7.N5c3 Be6 8.Be3 Nf6
9.Nd5 Bxd5 10.cxd5 Ne7 11.Nd2 Qa5 12.Bd3 {#r} 1-0

[Event "Ch Euskadi"]
[Site "masterchessopen.com Zornotza (Spain)"]
[Date "2012.04.10"]
[Round "2"]
[White "Diaz Herrero Alvaro (ESP)"]
[Black "Mindeguia Guruceaga Juan J (ESP)"]
[Result "0-1"]
[WhiteElo "2132"]
[BlackElo "2234"]

1.e4 c5 2.Nf3 Nc6 3.d4 cxd4 4.Nxd4 e5 5.Nb5 d6 6.N1c3 a6 7.Na3 b5 8.Nd5 Nf6
9.c4 Nxe4 10.Qf3 Qa5+ 11.b4 Nxb4 12.Nf6+ gxf6 13.Qxe4 d5 14.Qf3 Nd3+ 15.Kd1
Bg4 {#R} 0-1

[Event "It \"]
[Site "masterchessopen.com Vienna (Austria)"]
[Date "2012.05.08"]
[Round "2"]
[White "Bulgakova Oksana (AUT)"]
[Black "Wilke Werner (AUT)"]
[Result "0-1"]
[WhiteElo "1937"]
[BlackElo "2194"]

1.e4 c5 2.Nf3 Nc6 3.d4 cxd4 4.Nxd4 e5 5.Nb5 d6 6.N1c3 a6 7.Na3 Be7 8.Be3 b5
9.Nd5 Rb8 10.Qd2 Nf6 11.f3 O-O 12.Be2 Nxd5 13.exd5 Nd4 14.Bd3 Bh4+ 15.Bf2 Bg5
16.Be3 Bxe3 17.Qxe3 Bf5 18.Bxf5 Nxf5 19.Qd3 Qh4+ 20.Kf1 Ng3+ {#R} 0-1

[Event "It \"]
[Site "masterchessopen.com Bad Homburg (Germany)"]
[Date "2012.06.07"]
[Round "2"]
[White "Benikhis Avram (GER)"]
[Black "Di Franco Patricio (GER)"]
[Result "0-1"]
[WhiteElo "1890"]
[BlackElo "2096"]

1.e4 c5 2.Nf3 Nc6 3.d4 cxd4 4.Nxd4 e5 5.Nb5 d6 6.c4 Be7 7.N1c3 a6 8.Na3 f5
9.f3 f4 10.g3 Nf6 11.Bg2 Be6 12.Nd5 O-O 13.Bd2 Nh5 14.Nxe7+ Qxe7 15.g4 Bxg4
16.fxg4 Qh4+ 17.Kf1 f3 18.Bxf3 Nd4 19.Kg2 Nxf3 20.Be1 Nxe1+ {#R} 0-1

[Event "Ch Paris (open) (a)"]
[Site "masterchessopen.com Paris (France)"]
[Date "2012.07.07"]
[Round "1"]
[White "Reilhac Philippe (FRA)"]
[Black "Maisuradze Nino (FRA)"]
[Result "0-1"]
[WhiteElo "2004"]
[BlackElo "2268"]

1.e4 c5 2.Nf3 Nc6 3.d4 cxd4 4.Nxd4 e5 5.Nb5 d6 6.N5c3 Be6 7.Bd3 Nge7 8.O-O Rc8
9.Be3 d5 10.exd5 Nxd5 11.Nxd5 Qxd5 12.Nc3 Qa5 13.a3 f5 14.Re1 Be7 15.f4 e4
16.Bb5 O-O 17.Qe2 Bf6 18.Bxc6 Rxc6 19.Nd1 Rxc2 {#R} 0-1

[Event "It (open)"]
[Site "masterchessopen.com Stare Mesto (Czech Republic)"]
[Date "2012.08.17"]
[Round "9"]
[White "Krejci Jan (CZE)"]
[Black "Volodin Viktor (RUS)"]
[Result "1-0"]
[WhiteElo "2476"]
[BlackElo "2206"]

1.e4 c5 2.Nf3 Nc6 3.d4 cxd4 4.Nxd4 e5 5.Nb5 d6 6.N1c3 a6 7.Na3 Nf6 8.Bg5 Be7
9.Bxf6 Bxf6 10.Nd5 b5 11.c4 {#r} 1-0

[Event "Tournament (open)"]
[Site "masterchessopen.com Rowy (Poland)"]
[Round "1"]
[White "Relidzynski Tadeusz (POL)"]
[Black "Radwan Jan"]
[Result "1-0"]
[WhiteElo "1913"]
[BlackElo "1618"]

1.e4 c5 2.Nf3 Nc6 3.d4 cxd4 4.Nxd4 e5 5.Nb5 d6 6.c4 a6 7.N5c3 Be6 8.Be3 b6
9.Nd5 Rb8 10.Nbc3 Nge7 11.Be2 f5 12.f3 f4 13.Bf2 Nc8 14.O-O Be7 15.a3 O-O {#r}
1-0

[Event "Ch Germany (juniors) (Internet) (under 18) (final)"]
[Site "masterchessopen.com Internet"]
[Date "2012.09.15"]
[Round "6"]
[White "Mons Leon (GER)"]
[Black "Goebel Constantin (GER)"]
[Result "0-1"]
[WhiteElo "2338"]
[BlackElo "2266"]

1.e4 c5 2.Nf3 Nc6 3.d4 cxd4 4.Nxd4 e5 5.Nb5 d6 6.N1c3 a6 7.Na3 Be7 8.Nd5 Nf6
9.Nc4 Nxe4 10.Bd3 Nc5 11.b4 Nxd3+ 12.Qxd3 Be6 13.Nxe7 Kxe7 14.Ba3 Nd4 15.Ne3
b5 16.Bb2 Qb6 17.O-O-O a5 18.Rhe1 Kf8 19.c3 Qc6 20.Kb1 axb4 {#R} 0-1

[Event "Ch Belgrade (team) (Premijer liga)"]
[Site "masterchessopen.com Belgrade (Serbia)"]
[Date "2012.10.02"]
[Round "2"]
[White "Svetac Nenad (SRB)"]
[Black "Rodic Dragan (SRB)"]
[Result "1-0"]
[WhiteElo "2261"]
[BlackElo "2071"]

1.e4 c5 2.Nf3 Nc6 3.d4 cxd4 4.Nxd4 e5 5.Nb5 d6 6.c4 a6 7.N5a3 Nf6 8.Nc3 Be7
9.Nc2 Be6 10.Be2 Rc8 11.O-O O-O 12.Be3 Na5 13.b3 b5 14.Nd5 Bxd5 15.exd5 bxc4
16.b4 Nb7 17.f3 a5 18.a3 Nh5 19.g3 f5 20.Bf2 e4 21.Qb1 g5 22.g4 Nf6 {#r} 1-0

[Event "Ch American Continental"]
[Site "masterchessopen.com Mar del Plata (Argentina)"]
[Date "2012.10.14"]
[Round "4"]
[White "Caceres Recalde Gonzalo (ARG)"]
[Black "Etchevest Marcelo (ARG)"]
[Result "1-0"]
[WhiteElo "1582"]
[BlackElo "1744"]

1.e4 c5 2.Nf3 Nc6 3.d4 cxd4 4.Nxd4 e5 5.Nb5 d6 6.N1c3 a6 7.Na3 Nf6 8.Bd3 Be6
9.Bg5 Be7 10.O-O b5 11.Bxf6 Bxf6 12.Nd5 Bg5 13.c3 O-O 14.Nc2 f5 15.Ndb4 Qc7
16.exf5 Bc4 17.Bxc4+ bxc4 18.Qg4 h6 19.Rad1 a5 20.Nd5 {#r} 1-0